000 00292nam a22001337a 4500
008 170309b xxu||||| |||| 00| 0 eng d
020 _a9781591951292
041 _aeng
080 _a615
100 _a5
101 _aSHM
245 _aDRUG INFORMATION HANDBOOK
_cLACY, CH.F
942 _2udc
_cBK
999 _c7386
_d7386